[Event "2nd Mix Bassano 2021"]
[Site "Bassano del Grappa"]
[Date "2021.03.26"]
[Round "6.5"]
[White "Janzelj, Tim"]
[Black "Bjerre, Jonas Buhl"]
[Result "1/2-1/2"]
[WhiteElo "2468"]
[BlackElo "2549"]
[Annotator "TA"]
[PlyCount "66"]
[EventDate "2021.03.24"]
[EventType "swiss"]
[EventCountry "ITA"]
[SourceTitle "playchess.com"]
[Source "ChessBase"]
[SourceQuality "1"]

{[%evp 16,66,11,0,5,10,27,29,17,10,26,24,45,15,21,22,21,26,14,4,16,7,20,20,29,12,14,0,0,0,0,0,0,0,0,-3,-5,-2,-2,-5,-8,-6,0,0,0,0,0,0,0,0,0,0,0]} 1. e4 c5 2. Nf3 d6 3. Bb5+ Bd7 4. Bxd7+ Nxd7 5. O-O Ngf6 6. Re1 e6 7. c3 Be7 8. d4 O-O $1 {[%mdl 4] outshines the older 8...cxd4.} 9. e5 Ne8 {9...Nd5 is vanishing. B52: Sicilian: Moscow Variation with 3...Bd7.} 10. exd6 Nxd6 11. d5 exd5 {White has an edge.} 12. Qxd5 Rc8 13. Bf4 Nf6 {[#]} 14. Qd1 $146 (14. Qb3 {keeps more tension.} c4 15. Qc2 Nd5 16. Bg3 f5 17. Be5) ({Predecessor:} 14. Qd3 Nde4 15. Qxd8 Rfxd8 16. Na3 Bd6 17. Be3 a6 18. Nc4 b5 19. Nxd6 Rxd6 20. a4 {½-½ (75) Murzin,V (2465)-Lamard,G (2486) chess.com INT 2020}) 14... Nde4 15. Nbd2 Nxd2 16. Nxd2 Re8 17. Qf3 Qd5 18. Ne4 {[#] And now Nxf6+ would win.} Nxe4 19. Rxe4 Qc6 20. Rae1 Bf8 {The position is equal.} 21. c4 (21. Rxe8 {feels hotter.} Rxe8 22. Rxe8 Qxe8 23. h3 Qd7 24. b3) 21... Rxe4 22. Qxe4 Qxe4 23. Rxe4 $11 {[%mdl 4096] Endgame KRB-KRB} Rd8 {[#] ( -> ...Rd1+)} 24. g4 (24. g3 {with more complications.} f6 25. h4 Kf7 26. Re1 b6 27. Kg2) 24... f6 25. h4 Kf7 26. Kg2 Bd6 27. Bxd6 Rxd6 {KR-KR} 28. Kf3 Rd2 29. Re2 Rd4 30. Re4 Rd2 31. Re2 Rxe2 32. Kxe2 f5 33. g5 ({Much worse is} 33. gxf5 Kf6 $17) 33... Ke6 {Weighted Error Value: White=0.04/Black=0.03} 1/2-1/2

[Event "2nd Mix Bassano 2021"]
[Site "Bassano del Grappa"]
[Date "2021.03.26"]
[Round "6.6"]
[White "Diermair, Andreas"]
[Black "Niemann, Hans Moke"]
[Result "0-1"]
[WhiteElo "2487"]
[BlackElo "2526"]
[Annotator "TA"]
[PlyCount "120"]
[EventDate "2021.03.24"]
[EventType "swiss"]
[EventCountry "ITA"]
[SourceTitle "playchess.com"]
[Source "ChessBase"]
[SourceQuality "1"]

{[%evp 10,120,13,9,17,4,36,20,28,18,22,29,16,0,0,0,0,0,0,4,62,62,61,62,51,64,66,51,76,60,64,68,76,25,67,47,46,45,85,91,125,117,118,112,116,124,118,89,95,96,90,93,116,85,100,90,80,10,18,0,83,68,90,56,114,109,166,175,164,163,152,23,25,-80,-75,-51,-78,-667,-654,-925,-921,-871,-770,-1295,-1295,-1295,-1268,-1218,-1216,-1160,-1160,-1019,-1012,-1012,-985,-956,-956,-935,-927,-916,-909,-887,-850,-29961,-29962,-29965,-29972,-29968,-29973,-29970,-29971,-29963,-29965]} 1. d4 Nf6 2. Nf3 e6 3. g3 b5 4. Bg2 Bb7 5. O-O c5 6. Bg5 d5 {A46: 1 d4 Nf6 2 Nf3 e6: Torre, London and Colle Systems.} 7. a4 {[#]} a6 $146 {[%cal Ba7a6,Ba6b5,Bb5b4][%mdl 32]} ({Predecessor:} 7... b4 8. c3 Na6 9. cxb4 Nxb4 10. Nc3 Rc8 11. dxc5 Bxc5 12. Ne5 h6 13. Bf4 O-O 14. Nd3 Nxd3 15. Qxd3 {½-½ (88) Franciskovic,B (2302)-Saric,A (2491) Zagreb 2011}) 8. axb5 axb5 {The position is equal.} 9. Rxa8 Bxa8 10. dxc5 Bxc5 11. Qd3 b4 12. Qb5+ Nbd7 13. Ne5 $36 {[%mdl 2048] Nxd7 is the strong threat. White has some pressure.} Bd6 14. Nd3 Qe7 ({Better is} 14... O-O $11) 15. Bd2 $1 $14 O-O 16. Bxb4 Rb8 17. Bxd6 Qxd6 18. Qa5 e5 19. c3 Bc6 {White should prevent ...e4.} 20. Qa3 Qc7 21. b3 (21. Qa2 $16) 21... Bb5 22. Nb4 e4 23. Qb2 Qe5 24. Na3 h5 25. Nxb5 Rxb5 26. Nc6 Qc7 27. Nd4 Rb8 28. Ra1 h4 29. Qd2 Re8 {and if ...e3 works, Black does fine.} 30. Nf5 Qe5 31. Ne3 Rc8 32. Rc1 (32. gxh4 $6 Qxc3 33. Qxc3 Rxc3 $11) 32... Nc5 33. Rb1 (33. Qb2 $16) 33... Ne6 $1 $11 34. Rc1 Rd8 (34... Nc5 $1 $11 35. Qb2 hxg3 36. hxg3 g6) 35. Rd1 (35. gxh4 g6 $11) 35... Qh5 36. Qb2 g6 {[#]} (36... Ng4 $14) 37. b4 $1 $16 Kg7 (37... Rb8 $16) 38. b5 $18 Qe5 39. b6 (39. gxh4 Nf4 $16) 39... Rb8 40. Qb5 (40. gxh4 $6 Nf4 $16) ({White should play} 40. Qb4 $16) 40... Qxc3 41. b7 ({Much weaker is} 41. gxh4 Nd4 $17) ({Wrong is} 41. Nxd5 $2 Nxd5 42. Bxe4 {[#]} (42. Qxd5 $2 Rd8 $19) (42. Rxd5 $2 Nc7 $19 {[%mdl 64] Pin}) 42... Ne3 $1 $19) (41. Rb1 $11 {keeps the balance.}) 41... Nc5 $17 42. Qc6 Rxb7 43. Nxd5 $2 {[%mdl 8192] This costs White the game.} (43. gxh4 $17 d4 44. Nd5 Nxd5 45. Qxd5) 43... Nxd5 $19 44. Qxd5 Rd7 45. Qxd7 Nxd7 46. Rxd7 {[%mdl 4096] Endgame KQ-KRB} Qe1+ 47. Bf1 hxg3 48. hxg3 e3 $1 {[%mdl 64] Deflection} 49. fxe3 Qxg3+ {[%mdl 64] Double Attack} 50. Bg2 Qxe3+ 51. Kf1 Qc1+ 52. Kf2 Qc5+ 53. Ke1 Qg1+ 54. Bf1 g5 55. Rd3 g4 56. e4 Kf6 {Black mates.} 57. Rd2 g3 58. Rg2 Qe3+ {[%mdl 64] Double Attack} 59. Kd1 Qf3+ 60. Ke1 Qxe4+ {Weighted Error Value: White=0.47/Black=0.12} 0-1

[Event "2nd Mix Bassano 2021"]
[Site "Bassano del Grappa"]
[Date "2021.03.26"]
[Round "6.7"]
[White "Martin Duque, Jesus"]
[Black "Tomazini, Zan"]
[Result "1-0"]
[WhiteElo "2454"]
[BlackElo "2416"]
[Annotator "TA"]
[PlyCount "73"]
[EventDate "2021.03.24"]
[EventType "swiss"]
[EventCountry "ITA"]
[SourceTitle "playchess.com"]
[Source "ChessBase"]
[SourceQuality "1"]

{[%evp 9,73,35,58,37,27,29,58,49,78,78,93,91,94,89,116,117,120,49,46,58,47,54,84,75,101,104,104,82,97,35,29,24,26,0,0,10,31,0,349,334,505,0,0,0,0,-24,292,293,368,362,841,341,308,266,340,321,470,429,428,422,29972,29974,29989,29990,29994,29995]} 1. Nf3 g6 2. e4 Bg7 3. d4 d6 4. Nc3 a6 5. Bd3 e5 {[#]} 6. dxe5 $146 {B06: Modern Defence.} (6. Bg5 $5 {[%cal Rg5d8]} f6 7. Be3 $14) ({Predecessor:} 6. Bg5 f6 7. Be3 Nc6 8. dxe5 dxe5 9. Bc4 Bg4 10. Nd5 Nh6 11. c3 Nf7 12. h3 Bd7 {1-0 (28) Panzalovic,S (2440)-Jurlina,R (2169) Baden 2004}) 6... dxe5 7. Bg5 f6 8. Be3 {White is slightly better.} Be6 9. Qe2 Ne7 10. O-O-O Qc8 11. Bc4 b5 12. Bxe6 Qxe6 13. Bc5 ({Better is} 13. Kb1 $16) 13... Nd7 $14 14. Bxe7 Qxe7 15. Nd5 Qc5 16. Rd3 {Strongly threatening Rc3.} Qa7 17. Rc3 c5 18. h4 h5 19. Kb1 (19. Nd2 $16) 19... c4 20. Nd2 Nb6 21. Rg3 Nxd5 22. exd5 Qf7 {With the idea ...Rd8.} 23. f4 O-O-O $2 {[%mdl 8192] [#]} (23... O-O $1 $11 {and Black is okay.} 24. fxe5 Qxd5) 24. Nxc4 $1 $18 exf4 (24... bxc4 $142 25. Qxc4+ Kd7 26. fxe5 (26. Qxa6 Ke7 $16) 26... Ke8) 25. Rxg6 $2 bxc4 $11 (25... Qxg6 $2 26. Qe6+ Kc7 27. Qb6+ Kc8 28. Qxa6+ Kb8 29. Qxb5+ Kc7 30. Re1 $18) 26. Qxc4+ Kb7 27. Rh3 {Threatening mate with Rb3+.} Rxd5 $2 {[%mdl 8192] [#] Loses the game.} (27... Qxg6 28. Rb3+ Ka7 29. Qc7+ Ka8 30. Qb7#) (27... Rd6 $11) 28. Rd3 $1 $18 {[%mdl 512]} Re8 {[#] ( -> ...Re1+)} (28... Rhd8 29. Rxg7) 29. a4 $1 {[%mdl 512]} Ree5 $2 {[#]} ({Inferior is} 29... Qxg6 30. Qxd5+ Kc7 31. Qd6+ Kc8 32. Qc6+ Kb8 33. Rb3+ Ka7 34. Qb7#) (29... Red8 30. Rxg7 {[%mdl 64] Deflection} Qxg7 31. Rxd5 Rxd5 32. Qxd5+ {[%mdl 64] Double Attack} Kc7 33. Qc5+ Kb7 34. Qd5+ Kc7 35. Qc5+ Kb7 36. Qxh5 Qxg2 37. Qf7+ Kb8 38. Qe8+ (38. Qxf6 f3 $16) 38... Kc7 39. Qf7+ Kc8 40. Qe6+ (40. Qxf6 f3 $16) 40... Kc7 41. Qe7+ (41. Qxf6 f3 $11) 41... Kc8 42. Qe6+ (42. Qxf6 f3 $16) 42... Kc7 43. Qc4+ (43. Qxf6 f3 $11) 43... Kd7 44. Qxf4 Qh1+ 45. Ka2 Qd5+ 46. c4 Qc6) (29... Red8 30. Rxg7) 30. Rxg7 $1 {[%mdl 512]} Qxg7 31. Rxd5 {[%mdl 4096] Endgame KQR-KQR} Qe7 32. Rd3 {Rb3+ is the strong threat.} Ka7 (32... Re1+ {was worth a try.} 33. Ka2 Re3 34. Qd5+ Ka7 35. Qxh5 Rxd3 36. cxd3 Qe6+ 37. b3 f5 38. Qh7+ Kb8 39. Qh8+ Kb7 40. Qg7+ Kb8 41. Qf8+ Ka7 42. Qc5+ Ka8) 33. Qxf4 Re1+ 34. Ka2 Qe6+ (34... Re4 $18 35. Qd2 Kb6 36. Rd6+ Kc7) 35. Rb3 {[%csl Gb3][%cal Rf4b8] White mates.} Qe5 36. Qf2+ Ka8 37. Qb6 {[%cal Rb6a6] Weighted Error Value: White=0.34/Black=0.71} 1-0

[Event "2nd Mix Bassano 2021"]
[Site "Bassano del Grappa"]
[Date "2021.03.26"]
[Round "6.8"]
[White "Simonetto, Andrea"]
[Black "Shetty, Atulya"]
[Result "0-1"]
[WhiteElo "2195"]
[BlackElo "2447"]
[Annotator "TA"]
[PlyCount "80"]
[EventDate "2021.03.24"]
[EventType "swiss"]
[EventCountry "ITA"]
[SourceTitle "playchess.com"]
[Source "ChessBase"]
[SourceQuality "1"]

{[%evp 14,80,37,9,15,11,13,8,26,0,49,16,16,16,21,15,12,19,14,21,10,14,25,0,8,1,13,5,16,-6,-7,-2,-9,-9,-11,-35,-41,-50,-47,-31,-43,-41,0,0,0,0,0,0,0,-16,-2,-75,-75,-68,-49,-72,-47,-44,-44,-118,-106,-116,-120,-256,-243,-244,-216,-798,-779]} 1. Nf3 d5 2. e3 Nf6 3. c4 c6 4. Nc3 g6 5. d4 a6 6. Be2 Bg7 7. O-O O-O 8. Bd2 dxc4 {8...dxc4 has become a bit dusty these days. D94: Grünfeld: 4 Nf3 Bg7 5 e3.} 9. Bxc4 b5 10. Be2 Nbd7 {[#] The position is equal.} 11. Rc1 $146 ({Predecessor:} 11. b4 Re8 12. Qb3 e5 13. Ng5 Qe7 14. Bf3 Bb7 15. Rad1 h6 16. Nge4 Nd5 17. Nc5 Nxc3 18. Bxc3 Nxc5 19. dxc5 {1-0 (45) Tomashevsky,E (2705)-Postny,E (2615) St Petersburg 2018}) 11... Re8 12. Qc2 e5 13. dxe5 Nxe5 14. Nxe5 Rxe5 15. Bf3 Bg4 16. Bxg4 Nxg4 17. h3 Nf6 18. Ne2 c5 19. Bc3 Rd5 20. Nf4 Rd7 21. Bxf6 Bxf6 22. Qxc5 Bxb2 23. Rc2 Bg7 24. e4 Rd4 25. Re1 Bf8 26. Qc6 Qe8 27. Qb7 Bb4 28. Ree2 Qb8 29. Qxb8+ Rxb8 30. Nd5 Bf8 31. f4 (31. g3 {is more complex.} Kg7 32. Kg2 a5 33. Rc7 Re8 34. Kf3) 31... a5 {[%cal Ba6a5,Ba5a4,Ba4a3][%mdl 32]} 32. Red2 (32. Kf2 $11 {keeps the balance.}) 32... Rxd2 $1 $17 33. Rxd2 {[%mdl 4096] Endgame KRB-KRN} b4 34. Rb2 Kg7 35. Kf2 $1 a4 36. Ke2 (36. Ke3 $1 $15) 36... b3 37. axb3 {[#]} a3 $1 {[%cal Ra3b2]} 38. Rb1 {[#]} (38. Rc2 $17) 38... Rxb3 $3 $19 {[%mdl 512]} 39. Ra1 (39. Rxb3 $2 {loses.} a2 $19) 39... Bc5 {aiming for ...Bd4.} 40. g4 $2 (40. Ra2) 40... Bd4 {Weighted Error Value: White=0.32/Black=0.05} 0-1

[Event "2nd Mix Bassano 2021"]
[Site "Bassano del Grappa"]
[Date "2021.03.26"]
[Round "6.9"]
[White "Formento, Paolo"]
[Black "Orfini, Nicolo`"]
[Result "1-0"]
[WhiteElo "2329"]
[BlackElo "2214"]
[Annotator "ChessBase"]
[PlyCount "47"]
[EventDate "2021.03.24"]
[EventType "swiss"]
[EventCountry "ITA"]
[SourceTitle "playchess.com"]
[Source "ChessBase"]
[SourceQuality "1"]
[TimeControl "5400+30"]

1. c4 {[%emt 0:09:48]} d6 {[%emt 0:00:04]} 2. Nc3 {[%emt 0:01:21]} Nf6 {[%emt 0:00:09]} 3. e4 {[%emt 0:01:07]} e5 {[%emt 0:02:16]} 4. Nge2 {[%emt 0:00:21]} g6 {[%emt 0:00:54]} 5. g3 {[%emt 0:00:43]} Bg7 {[%emt 0:00:05]} 6. Bg2 {[%emt 0:00:03]} Nc6 {[%emt 0:01:47]} 7. d3 {[%emt 0:00:29]} Bd7 {[%emt 0:01:02]} 8. O-O {[%emt 0:00:49]} Qc8 {[%emt 0:01:51]} 9. Nd5 {[%emt 0:03:37]} Nxd5 {[%emt 0:02:35]} 10. cxd5 {[%emt 0:00:08]} Nd4 {[%emt 0:04:01]} 11. Nxd4 {[%emt 0:02:05]} exd4 {[%emt 0:00:17]} 12. Bf4 {[%emt 0:00:49]} O-O {[%emt 0:01:27]} 13. Rc1 {[%emt 0:03:46]} Be5 {[%emt 0:00:04]} 14. Bh6 {[%emt 0:01:18]} Re8 {[%emt 0:00:44]} 15. f4 {[%emt 0:01:50]} Bh8 {[%emt 0:00:39]} 16. f5 {[%emt 0:00:24]} c5 {[%emt 0:05:01]} 17. dxc6 {[%emt 0:37:59]} Bxc6 {[%emt 0:01:16]} 18. Bh3 {[%emt 0:06:37]} Qc7 {[%emt 0:02:58]} 19. b4 {[%emt 0:01:32]} a6 {[%emt 0:01:34]} 20. a4 {[%emt 0:00:09]} Qe7 {[%emt 0:02:24]} 21. Qb3 {[%emt 0:00:54]} Rad8 {[%emt 0:06:00]} 22. fxg6 {[%emt 0:05:38]} hxg6 {[%emt 0:00:54]} 23. Bg5 {[%emt 0:00:35]} Bxa4 {[%emt 0:02:47]} 24. Qa2 {[%emt 0:00:07]} 1-0

[Event "2nd Mix Bassano 2021"]
[Site "Bassano del Grappa"]
[Date "2021.03.26"]
[Round "6.10"]
[White "Deuer, Marius"]
[Black "Solomon, Kenny"]
[Result "1/2-1/2"]
[WhiteElo "2231"]
[BlackElo "2357"]
[Annotator "TA"]
[PlyCount "99"]
[EventDate "2021.03.24"]
[EventType "swiss"]
[EventCountry "ITA"]
[SourceTitle "playchess.com"]
[Source "ChessBase"]
[SourceQuality "1"]

{[%evp 21,99,30,37,30,44,11,52,0,0,0,0,-33,0,0,0,0,0,0,14,0,11,-139,-18,-34,0,0,-7,-155,32,20,31,15,34,-175,0,-31,-28,-27,-42,-41,-41,-104,-74,-205,-203,-168,0,0,29,22,22,22,19,27,255,-32,0,0,0,0,0,0,0,0,0,0,0,0,0,0,0,0,0,0,0,0,0,0,0,0]} 1. d4 Nf6 2. c4 c5 3. d5 g6 4. Nc3 Bg7 5. g3 d6 6. Bg2 O-O 7. Nf3 e6 8. O-O exd5 9. cxd5 a6 10. a4 Re8 11. Bf4 h6 {[#]} 12. Ra3 $146 {A62: Modern Benoni: Fianchetto Variation without early ...Nbd7.} ({Predecessor:} 12. Qc1 g5 13. Bd2 Bf5 14. h4 g4 15. Ne1 Kh7 16. Nc2 Bg6 17. Ne3 Nbd7 18. a5 Ne5 19. Ra4 h5 {½-½ (66) Donchenko,A (2593)-Caruana,F (2828) chess.com INT 2019}) 12... g5 13. Be3 Bf5 14. Nd2 (14. h4 $14) 14... Nbd7 $11 15. Nc4 Ne5 16. b3 Nxc4 17. bxc4 Ng4 18. Bd2 Ne5 19. Qb3 Qd7 20. f3 Bh3 21. Rb1 ({White should try} 21. Nd1 $11) 21... Re7 ({Better is} 21... Bxg2 $17 22. Kxg2 Re7) 22. Ne4 Bf5 23. Rf1 Rae8 24. Nf2 {[#]} (24. a5 $11) 24... g4 $2 (24... Nxc4 $1 $17 {[%mdl 512]} 25. Qxc4 b5) 25. Bc3 gxf3 26. exf3 h5 27. Raa1 $2 {[#]} (27. Ba1 $14 {keeps the upper hand.}) 27... Bg6 $2 (27... Nxf3+ $1 $19 {[%mdl 512]} 28. Bxf3 Re3) 28. Rae1 b5 29. axb5 axb5 30. cxb5 c4 31. Qb2 (31. Qb4 $15) 31... Bd3 $17 32. Qa1 (32. Nxd3 $2 Nxd3 33. Rxe7 Qxe7 $19) (32. Kh1 $17) 32... Bxf1 $19 ({Worse is} 32... Qxb5 33. Nxd3 cxd3 34. Kh1 $11) 33. Rxf1 Bh6 ({Inferior is} 33... Qxb5 34. f4 $11) (33... f5 $1 $19 34. Qa6 Nxf3+ $1 {[%mdl 512]} 35. Bxf3 Bxc3) 34. Ne4 $11 Nxf3+ 35. Bxf3 Rxe4 36. Bxe4 Rxe4 37. Qd1 Qg4 {[#]} (37... Qh3 $1 $11) 38. Kh1 $2 ({Only move:} 38. Qxg4+ $1 $18 hxg4 39. Re1 Be3+ 40. Kf1) 38... Qxd1 (38... Re2 {seems wilder.} 39. Qd4 Qxd4 40. Bxd4 Bg7 41. Bxg7 Kxg7 42. Rc1 Rb2) 39. Rxd1 $15 {[%mdl 4096] Endgame KRB-KRB. The position is equal.} Re3 40. b6 {[%cal Bb5b6,Bb6b7][%mdl 32] Black must now prevent b7.} Rxc3 $11 {KRB-KR} 41. Rb1 {b7 is the strong threat.} Be3 $1 42. b7 $1 {[%cal Rb7b8]} Ba7 {And now ...Rb3 would win.} 43. Ra1 $1 {[%cal Ra1a7]} Bb8 {aiming for ...Rb3.} 44. Ra8 Rb3 45. Rxb8+ Kg7 46. Rd8 Rxb7 {Hoping for ...Rc7.} 47. Rxd6 c3 {Strongly threatening ...Rc7.} (47... Rb2 $5 48. Rc6 $8 Rc2 $11) 48. Rc6 Rb3 49. Kg2 Rb5 50. Rxc3 {Weighted Error Value: White=0.49/Black=0.39} 1/2-1/2

[Event "2nd Mix Bassano 2021"]
[Site "Bassano del Grappa"]
[Date "2021.03.27"]
[Round "7.1"]
[White "Niemann, Hans Moke"]
[Black "Sonis, Francesco"]
[Result "1/2-1/2"]
[WhiteElo "2526"]
[BlackElo "2477"]
[Annotator "ChessBase"]
[PlyCount "132"]
[EventDate "2021.03.24"]
[EventType "swiss"]
[EventCountry "ITA"]
[SourceTitle "playchess.com"]
[Source "ChessBase"]
[SourceQuality "1"]
[TimeControl "5400+30"]

1. d4 {[%emt 0:09:35]} Nf6 {[%emt 0:00:00]} 2. c4 {[%emt 1:21:25]} e6 {[%emt 1:31:00]} 3. Nf3 {[%emt 0:00:30]} d5 {[%emt 0:00:30]} 4. g3 {[%emt 0:00:30]} Bb4+ {[%emt 0:00:30]} 5. Bd2 {[%emt 0:00:30]} Be7 {[%emt 0:00:30]} 6. Bg2 {[%emt 0:00:30]} O-O {[%emt 0:00:30]} 7. O-O {[%emt 0:00:30]} c6 {[%emt 0:00:30]} 8. Qc2 {[%emt 0:00:30]} b6 {[%emt 0:00:30]} 9. Bf4 {[%emt 0:00:30]} Bb7 {[%emt 0:00:30]} 10. Rd1 {[%emt 0:00:30]} Nbd7 {[%emt 0:00:30]} 11. Nc3 {[%emt 0:00:30]} Nh5 {[%emt 0:00:30]} 12. Bc1 {[%emt 0:00:30]} f5 {[%emt 0:00:30]} 13. b3 {[%emt 0:00:30]} Rc8 {[%emt 0:00:30]} 14. e3 {[%emt 0:00:30]} Bd6 {[%emt 0:00:30]} 15. Ne2 {[%emt 0:00:30]} c5 {[%emt 0:00:30]} 16. Ba3 {[%emt 0:00:30]} Qe7 {[%emt 0:00:30]} 17. Rac1 {[%emt 0:00:30]} dxc4 {[%emt 0:00:30]} 18. bxc4 {[%emt 0:00:30]} Be4 {[%emt 0:00:30]} 19. Qb3 {[%emt 0:00:30]} Nhf6 {[%emt 0:00:30]} 20. Nc3 {[%emt 0:00:30]} e5 {[%emt 0:00:30]} 21. Nxe4 {[%emt 0:00:30]} fxe4 {[%emt 0:00:30]} 22. dxe5 {[%emt 0:00:30]} Nxe5 {[%emt 0:00:30]} 23. Nd2 {[%emt 0:00:30]} Nf7 {[%emt 0:00:30]} 24. Bb2 {[%emt 0:00:30]} Be5 {[%emt 0:00:30]} 25. a4 {[%emt 0:00:30]} Rcd8 {[%emt 0:00:30]} 26. Bxe5 {[%emt 0:00:30]} Qxe5 {[%emt 0:00:30]} 27. Qc2 {[%emt 0:00:30]} Rde8 {[%emt 0:00:30]} 28. a5 {[%emt 0:00:30]} Qe6 {[%emt 0:00:30]} 29. axb6 {[%emt 0:00:30]} axb6 {[%emt 0:00:30]} 30. Nb1 {[%emt 0:00:30]} Ng5 {[%emt 0:00:30]} 31. Nc3 {[%emt 0:00:30]} Ng4 {[%emt 0:00:30]} 32. Rd2 {[%emt 0:00:30]} Nf3+ {[%emt 0:00:30]} 33. Bxf3 {[%emt 0:00:30]} Rxf3 {[%emt 0:00:30]} 34. h3 {[%emt 0:00:30]} Nf6 {[%emt 0:00:30]} 35. Kg2 {[%emt 0:00:30]} Qxc4 {[%emt 0:00:30]} 36. Rb1 {[%emt 0:00:30]} Rb8 {[%emt 0:00:30]} 37. Na4 {[%emt 0:00:30]} Qxc2 {[%emt 0:00:30]} 38. Rxc2 {[%emt 0:00:30]} Nd7 {[%emt 0:00:30]} 39. Nc3 {[%emt 0:00:30]} Rf6 {[%emt 0:00:30]} 40. Nxe4 {[%emt 0:00:30]} Rc6 {[%emt 0:00:30]} 41. Nc3 {[%emt 0:00:30]} c4 {[%emt 0:00:30]} 42. f4 {[%emt 0:00:30]} Nc5 {[%emt 0:00:30]} 43. Kf3 {[%emt 0:00:30]} Nb3 {[%emt 0:00:30]} 44. Na2 {[%emt 0:00:30]} Rd8 {[%emt 0:00:30]} 45. Ke2 {[%emt 0:00:30]} Rcd6 {[%emt 0:00:30]} 46. Rbb2 {[%emt 0:00:30]} b5 {[%emt 0:00:30]} 47. Nc3 {[%emt 0:00:30]} Rb8 {[%emt 0:00:30]} 48. Kf2 {[%emt 0:00:30]} b4 {[%emt 0:00:30]} 49. Na2 {[%emt 0:00:30]} Rc6 {[%emt 0:00:30]} 50. e4 {[%emt 0:00:30]} Rcc8 {[%emt 0:00:30]} 51. Ke3 {[%emt 0:00:30]} Kf7 {[%emt 0:00:30]} 52. g4 {[%emt 0:00:30]} Ke6 {[%emt 0:00:30]} 53. h4 {[%emt 0:00:30]} Kd6 {[%emt 0:00:30]} 54. g5 {[%emt 0:00:30]} Rc5 {[%emt 0:00:30]} 55. f5 {[%emt 0:00:30]} Rb7 {[%emt 0:00:30]} 56. h5 {[%emt 0:00:30]} Kc6 {[%emt 0:00:30]} 57. g6 {[%emt 0:00:30]} hxg6 {[%emt 0:00:30]} 58. hxg6 {[%emt 0:00:30]} Kb5 {[%emt 0:00:30]} 59. Rg2 {[%emt 0:00:30]} Rc8 {[%emt 0:00:30]} 60. e5 {[%emt 0:00:30]} Ka4 {[%emt 0:00:30]} 61. f6 {[%emt 0:00:30]} c3 {[%emt 0:00:30]} 62. Rbf2 {[%emt 0:00:30]} Nc5 {[%emt 0:00:30]} 63. fxg7 {[%emt 0:00:30]} Rxg7 {[%emt 0:00:30]} 64. Rf7 {[%emt 0:00:30]} Rxf7 {[%emt 0:00:30]} 65. gxf7 {[%emt 0:00:30]} Rf8 {[%emt 0:00:30]} 66. Rg4 {[%emt 0:00:30]} Rxf7 {[%emt 0:00:30]} 1/2-1/2

[Event "2nd Mix Bassano 2021"]
[Site "Bassano del Grappa"]
[Date "2021.03.27"]
[Round "7.2"]
[White "Bernadskiy, Vitaliy"]
[Black "Bellahcene, Bilel"]
[Result "1/2-1/2"]
[WhiteElo "2599"]
[BlackElo "2517"]
[Annotator "ChessBase"]
[PlyCount "43"]
[EventDate "2021.03.24"]
[EventType "swiss"]
[EventCountry "ITA"]
[SourceTitle "playchess.com"]
[Source "ChessBase"]
[SourceQuality "1"]
[TimeControl "5400+30"]

1. e4 {[%emt 0:00:00]} c5 {[%emt 0:04:22]} 2. Nf3 {[%emt 0:00:00]} e6 {[%emt 0:00:02]} 3. c3 {[%emt 0:00:06]} d5 {[%emt 0:00:38]} 4. exd5 {[%emt 0:00:06]} Qxd5 {[%emt 0:00:05]} 5. d4 {[%emt 0:00:15]} Nc6 {[%emt 0:01:06]} 6. Na3 {[%emt 0:02:58]} a6 {[%emt 0:12:26]} 7. Nc4 {[%emt 0:04:36]} Qd8 {[%emt 0:00:48]} 8. Be3 {[%emt 0:01:25]} cxd4 {[%emt 0:23:29]} 9. Nxd4 {[%emt 0:00:06]} Bd7 {[%emt 0:00:45]} 10. Qe2 {[%emt 0:15:42]} b5 {[%emt 0:10:27]} 11. Nxc6 {[%emt 0:24:55]} Bxc6 {[%emt 0:00:04]} 12. Ne5 {[%emt 0:00:08]} Bd5 {[%emt 0:00:25]} 13. a4 {[%emt 0:03:06]} bxa4 {[%emt 0:01:10]} 14. Rxa4 {[%emt 0:02:30]} Bd6 {[%emt 0:00:05]} 15. Bd4 {[%emt 0:05:22]} Nf6 {[%emt 0:00:51]} 16. Ng4 {[%emt 0:00:37]} Be7 {[%emt 0:02:05]} 17. Qd1 {[%emt 0:18:18]} O-O {[%emt 0:02:38]} 18. Bd3 {[%emt 0:01:20]} a5 {[%emt 0:11:55]} 19. O-O {[%emt 0:00:52]} Bc6 {[%emt 0:00:22]} 20. Rc4 {[%emt 0:02:25]} Bd5 {[%emt 0:05:08]} 21. Ra4 {[%emt 0:00:18]} Bc6 {[%emt 0:00:14]} 22. Rc4 {[%emt 0:02:42]} 1/2-1/2